Communes de l'arrondissement de Colmar - Statistiques

Statistiques générales
  • Ce quiz a été pris 190 fois
  • Le résultat moyen est 17 sur 63
Réponses sur la Carte
Les réponses sont colorées sur une échelle allant du rouge au vert en fonction du pourcentage des utilisateurs qui les ont devinées à leur premier essai. Vous pouvez retrouver ces pourcentages ci-dessous.
 
Statistiques - réponses
Code INSEE Commune/Gmeinde % Correct
68066 Colmar
88%
68145 Horbourg
64%
68338 Turckheim
60%
68146 Houssen
57%
68007 Andolsheim
56%
68374 Wintzenheim
54%
68226 Munster
48%
68295 Sainte-Croix-en-Plaine
47%
68231 Neuf-Brisach
46%
68078 Eguisheim
41%
68331 Sundhoffen
38%
68365 Wettolsheim
38%
68157 Jebsheim
31%
68036 Biesheim
30%
68134 Herrlisheim-près-Colmar
30%
68095 Fortschwihr
29%
68351 Vogelgrun
29%
68016 Balgau
28%
68352 Volgelsheim
28%
68038 Bischwihr
27%
68204 Metzeral
27%
68143 Holtzwihr
26%
68172 Kunheim
26%
68227 Muntzenheim
26%
68069 Dessenheim
25%
68367 Widensohlen
25%
68189 Logelheim
24%
68001 Algolsheim
23%
68117 Gunsbach
23%
68009 Artzenheim
22%
68366 Wickerschwihr
22%
68368 Wihr-au-Val
22%
68008 Appenwihr
21%
68329 Stosswihr
21%
68385 Zimmerbach
21%
68076 Durrenentzen
20%
68210 Mittlach
20%
68223 Muhlbach-sur-Munster
20%
68317 Soultzeren
20%
68354 Walbach
20%
68379 Wolfgantzen
20%
68109 Griesbach-au-Val
19%
68110 Grussenheim
19%
68150 Husseren-les-Châteaux
19%
68019 Baltzenheim
18%
68130 Heiteren
18%
68051 Breitenbach-Haut-Rhin
17%
68360 Weckolsheim
17%
68083 Eschbach-au-Val
16%
68104 Geiswasser
16%
68136 Hettenschlag
16%
68193 Luttenbach-près-Munster
16%
68230 Nambsheim
16%
68345 Urschenheim
16%
68350 Vœgtlinshoffen
16%
68311 Sondernach
15%
68142 Hohrod
14%
68246 Obersaasheim
14%
68272 Riedwihr
13%
68316 Soultzbach-les-Bains
13%
68358 Wasserbourg
13%
68369 Wihr-en-Plaine
13%
68244 Obermorschwihr
12%
Aucun quiz correspondant
Distribution des résultats
% des personnes avec chaque résultat
Percentile par nombre de réponses
Votre historique - résultats
Vous n’avez pas pris ce quiz